<?xml version="1.0" encoding="UTF-8"?>
<collection xmlns:xsi="http://www.w3.org/2001/XMLSchema-instance" xsi:schemaLocation="http://www.loc.gov/MARC21/slim http://www.loc.gov/standards/marcxml/schema/MARC21slim.xsd" xmlns="http://www.loc.gov/MARC21/slim">
 <record>
  <leader>00000cmm a22000004i 4500</leader>
  <controlfield tag="001">UP-99796217611211872</controlfield>
  <controlfield tag="003">Buklod</controlfield>
  <controlfield tag="005">20140423121700.0</controlfield>
  <controlfield tag="006">m    go  j        </controlfield>
  <controlfield tag="007">cr cn |||aaaaa</controlfield>
  <controlfield tag="008">111031s2011    xx         u |      eng d</controlfield>
  <datafield tag="020" ind1=" " ind2=" ">
   <subfield code="a">9789400725980 (eBook)</subfield>
  </datafield>
  <datafield tag="020" ind1=" " ind2=" ">
   <subfield code="a">9400725981 (eBook)</subfield>
  </datafield>
  <datafield tag="035" ind1=" " ind2=" ">
   <subfield code="a">(iLib)UPD-00214608000</subfield>
  </datafield>
  <datafield tag="040" ind1=" " ind2=" ">
   <subfield code="a">DML</subfield>
  </datafield>
  <datafield tag="041" ind1="0" ind2=" ">
   <subfield code="a">eng</subfield>
  </datafield>
  <datafield tag="042" ind1=" " ind2=" ">
   <subfield code="a">DMLUC</subfield>
  </datafield>
  <datafield tag="084" ind1=" " ind2=" ">
   <subfield code="a">T 58.5</subfield>
   <subfield code="b">I58 2012eb</subfield>
  </datafield>
  <datafield tag="111" ind1="2" ind2=" ">
   <subfield code="a">International Conference on Information Technology Convergence and Services</subfield>
   <subfield code="n">(3rd</subfield>
   <subfield code="d">2011</subfield>
   <subfield code="c">Kwangju-si, Korea)</subfield>
  </datafield>
  <datafield tag="245" ind1="1" ind2="0">
   <subfield code="a">IT convergence and services</subfield>
   <subfield code="h">[electronic resource]</subfield>
   <subfield code="b">ITCS &amp; IRoA 2011</subfield>
   <subfield code="c">James J. Park, Hamid Arabnia, Hang-Bae Chang, Taeshik Shon (Editors).</subfield>
  </datafield>
  <datafield tag="264" ind1=" " ind2="1">
   <subfield code="a">Dordrecht</subfield>
   <subfield code="b">Springer Netherlands</subfield>
   <subfield code="c">2011.</subfield>
  </datafield>
  <datafield tag="300" ind1=" " ind2=" ">
   <subfield code="a">1 online resource (xxxvi, 697 p.)</subfield>
  </datafield>
  <datafield tag="505" ind1="0" ind2=" ">
   <subfield code="a">1. Advanced Computational Science and Applications -- 2. Advanced Electrical and Electronics Engineering and Technology -- 3. Intelligent Manufacturing Technology and Services -- 4. Advanced Management Information Systems and Services -- 5. Electronic Commerce, Business and Management -- 6. Intelligent Vehicular Systems and Communications -- 7. Bio-inspired Computing and Applications -- 8. Advanced IT Medical Engineering -- 9. Modeling and Services for Intelligent Building, Town, and City.</subfield>
  </datafield>
  <datafield tag="506" ind1=" " ind2=" ">
   <subfield code="a">IP-based subscription, access limited to within on-campus computer network.</subfield>
   <subfield code="c">Access via Electronic Resources of the UPD University Library Website.</subfield>
  </datafield>
  <datafield tag="520" ind1=" " ind2=" ">
   <subfield code="a">IT Convergence and Services is proceedings of the 3rd FTRA International Conference on Information Technology Convergence and Services (ITCS-11) and the FTRA International Conference on Intelligent Robotics, Automations, telecommunication facilities, and applications (IRoA-11). The topics of ITCS and IRoA cover the current hot topics satisfying the world-wide ever-changing needs. The ITCS-11 will be the most comprehensive conference focused on the various aspects of advances in information technology convergence, applications, and services. The ITCS-11 will provide an opportunity for academic and industry professionals to discuss the latest issues and progress in the area of ITCS. In addition, the conference will publish high quality papers which are closely related to the various theories, modeling, and practical applications in ITCS. The main scope of ITCS-11 is as follows. -        Computational Science and Applications -        Electrical and Electronics Engineering and Technology -        Manufacturing Technology and Services -        Management Information Systems and Services -        Electronic Commerce, Business and Management -        Vehicular Systems and Communications -        Bio-inspired Computing and Applications -        IT Medical Engineering -        Modeling and Services for Intelligent Building, Town, and City The IRoA is a major forum for scientists, engineers, and practitioners throughout the world to present the latest research, results, ideas, developments and applications in all areas of intelligent robotics and automations. The main scope of IRoA-11 is as follows. -        Intelligent Robotics &amp; Perception systems -        Automations &amp; Control -        Telecommunication Facilities -        Artificial Intelligence</subfield>
  </datafield>
  <datafield tag="533" ind1=" " ind2=" ">
   <subfield code="a">Electronic reproduction.</subfield>
   <subfield code="b">New York</subfield>
   <subfield code="c">SpringerLink</subfield>
   <subfield code="d">2011.</subfield>
   <subfield code="n">Available via World Wide Web through SpringerLink.</subfield>
  </datafield>
  <datafield tag="650" ind1=" " ind2="0">
   <subfield code="a">Electronic book.</subfield>
  </datafield>
  <datafield tag="650" ind1=" " ind2="0">
   <subfield code="a">Information technology</subfield>
   <subfield code="v">Congresses.</subfield>
  </datafield>
  <datafield tag="650" ind1=" " ind2="0">
   <subfield code="a">Wireless communication systems</subfield>
   <subfield code="v">Congresses.</subfield>
  </datafield>
  <datafield tag="650" ind1=" " ind2="0">
   <subfield code="a">Computer networks</subfield>
   <subfield code="x">Security measures</subfield>
   <subfield code="v">Congresses.</subfield>
  </datafield>
  <datafield tag="700" ind1="1" ind2=" ">
   <subfield code="a">Park, James J.</subfield>
  </datafield>
  <datafield tag="700" ind1="1" ind2=" ">
   <subfield code="a">Arabnia,Hamid.</subfield>
  </datafield>
  <datafield tag="700" ind1="1" ind2=" ">
   <subfield code="a">Chang,Hang-Bae.</subfield>
  </datafield>
  <datafield tag="700" ind1="1" ind2=" ">
   <subfield code="a">Shon, Taeshik.</subfield>
  </datafield>
  <datafield tag="710" ind1="2" ind2=" ">
   <subfield code="a">SpringerLink (Online service).</subfield>
  </datafield>
  <datafield tag="856" ind1="4" ind2="0">
   <subfield code="y">Available for University of the Philippines Diliman via SpringerLink. Click here to access</subfield>
   <subfield code="u">http://link.springer.com/book/10.1007/978-94-007-2598-0</subfield>
  </datafield>
  <datafield tag="905" ind1=" " ind2=" ">
   <subfield code="a">FO</subfield>
  </datafield>
  <datafield tag="950" ind1=" " ind2=" ">
   <subfield code="a">Monograph</subfield>
  </datafield>
  <datafield tag="852" ind1="0" ind2=" ">
   <subfield code="a">UPD</subfield>
   <subfield code="b">DMLR</subfield>
  </datafield>
  <datafield tag="942" ind1=" " ind2=" ">
   <subfield code="a">Electronic Resource</subfield>
  </datafield>
 </record>
</collection>
